00898 a2200181 45000010006000000050017000060080041000230030015000640400040000790800033001192450020001522640045001723000024002175050404002411000018006457000021006637000032006844583920260407155730.0260407a1969 arg spa dAR-UNSa-BCEJYS aAR-UNSa-BCEJYSbspacAR-UNSa-BCEJYS a330.101.542xMicroeconomía10aMicroeconomía 1aBuenos Aires :bAmorrortu Editoresc1969 axiv, 445 p.c23 cm. aParte I: Introducción: 1. Naturaleza y función de la teoría económica – Parte II: Estática microeconómica competitiva: 2. Consumo – 3. Intercambio competitivo – 4. Producción – 5. Equilibrio general competitivo – 6. Nueva economía del bienestar – Parte III: Monopolio y competencia imperfecta: 7. Monopolio – 8. Competencia imperfecta – 9. Teoría de los juegos – 1 aBoop, Roberto1 aVickery, William1 aFernández López, Manuel